RT (FACPCE) 53. Normas de auditoría, revisión, otros encargos de aseguramiento, certificaciones, servicios relacionados e informes de cumplimiento. Quinta parte (Registro nro. 10515)

Detalles MARC
000 -LEADER
fixed length control field 00495 a2200121 4500
001 - CONTROL NUMBER
control field ART_56881
005 - DATE AND TIME OF LATEST TRANSACTION
control field 20260410161610.0
008 - FIXED-LENGTH DATA ELEMENTS--GENERAL INFORMATION
fixed length control field 260409a
100 1# - MAIN ENTRY--PERSONAL NAME
Personal name Oubiña, Gabriel H.
245 10 - TITLE STATEMENT
Title RT (FACPCE) 53. Normas de auditoría, revisión, otros encargos de aseguramiento, certificaciones, servicios relacionados e informes de cumplimiento. Quinta parte
700 1# - ADDED ENTRY--PERSONAL NAME
Personal name Faccendini, Yanina C.
773 0# - HOST ITEM ENTRY
Title Profesional & Empresaria
Related parts - Año XXIII, Nº 276 (sep. 2022)
Record control number REV70

No hay ítems disponibles.